Nursing Essentials Drugs (Record no. 3331)

MARC details
000 -LEADER
fixed length control field 00390nam a22001457a 4500
008 - FIXED-LENGTH DATA ELEMENTS--GENERAL INFORMATION
fixed length control field 250506b |||||||| |||| 00| 0 eng d
020 ## - INTERNATIONAL STANDARD BOOK NUMBER
ISBN 9780702077630
100 ## - MAIN ENTRY--AUTHOR
Author Page Catrin
245 ## - TITLE STATEMENT
Title Nursing Essentials Drugs
260 ## - PUBLICATION, DISTRIBUTION, ETC. (IMPRINT)
Place of publication Philadelphia
Name of publisher Clsevier
Date of publication 2020
300 ## - COLLATION
Pagination vii, 80p.
Other physical details illustration
650 ## - TRACINGS
Main Subject Drugs - Administration
Subdivision (1st) Pharmacology
942 ## - ADDED ENTRY ELEMENTS (KOHA)
Item type Books
050 ## - LIBRARY OF CONGRESS CALL NUMBER
Classification number RM300
Item number .P34
Holdings
Source of classification or shelving scheme Not for loan Permanent location Current location Date acquired Accession No. Full call number Barcode. Koha item type
Library of Congress Classification   Medical Library Medical Library 05/06/2025 2024/63960 RM300.P34 2025-1788 Books